00395nam a22001097a 4500008004100000040005500041080001800096245006800114260006900182300001300251650002100264230410b |||||||| |||| 00| 0 eng d aNational Science LibrarycNational Science Library a338(54-1)bK3 aEconomic survey of Asia and the Far East 1962c/ United Nations aBangkok: bEconomic Commission for Asia and the Far East, c1963 ax, 233p. aEconomic history